| 000 | 00937nas a2200289 4500 | ||
|---|---|---|---|
| 001 | BR0300304 | ||
| 003 | BR-BrBNA | ||
| 005 | 20231205103519.0 | ||
| 007 | ta | ||
| 008 | 230509b bl.|||p| |||| 00| 00por d | ||
| 040 |
_aBR-BrBNA _bpor _cBiblioteca Nacional de Agricultura |
||
| 041 | _a(Pt) | ||
| 072 | _aL73; L70 | ||
| 100 | 1 | _aRamos, A.C.F. | |
| 100 | 1 | _aLilenbaum, W. | |
| 245 | 1 | _aFatores que influenciam na ocorrência de aglutininas anti - Leptospira em suínos de criação tecnificada do Estado do Rio de Janeiro | |
| 650 | _aSUÍNO | ||
| 650 | _aBACTÉRIA | ||
| 650 | _aAGLUTININA | ||
| 650 | _aCONTAMINAÇÃO | ||
| 650 | _aCONDIÇÃO AMBIENTAL | ||
| 650 | _aHIGIENE VETERINÁRIA | ||
| 650 | _aRIO DE JANEIRO | ||
| 773 | 0 |
_tRevista Brasileira de Medicina Veterinária (Brazil) _xISSN 0100-2430 _g(Mar-Apr 2002), v. 24(2) p. 78-8O _wBR0300304 |
|
| 909 |
_a202311 _bLúcia _c55 _dLúcia Elande |
||
| 942 |
_2AGRIS _n0 _cANA |
||
| 999 |
_c173273 _d173273 |
||